01349cam a2200301 450000100060000000300080000600500170001400800410003103500190007204000270009104100080011808200290012624500820015526000310023730000260026835000110029450002440030565000440054970000300059370000360062371000530065971000630071271000470077590600450082294200120086799900170087995201510089677598BD-RjUL20211209083011.0201204s1971 enk 100 0 eng  a(BD-RjUL)77824 aDLCcDLCdBD-RjULbeng aeng00a792.071042223bDRA 197100aDrama and theatre in education /cedited by Nigel Dodd and Winifred Hickson. aLondon:bHeinemann,c1971. avii, 176 p. ;c23 cm. a£1.50 a" ... [proceedings of] a conference on drama and theatre in education, held at Clifton College, Bristol, March 31st to April 3rd 1969, sponsored by the Bristol Education Authority, the Bristol Old Vic Theatre Company, and Clifton College." 0aDrama in educationxCongresses.92423031 aDodd, Nigel,eed.92423091 aHickson, Winifred,eed.92423101 aBristol (England).bEducation Authority.92423062 aBristol Old Vic Theatre Company (Bristol, England)92423072 aClifton College (Bristol, England)9242308 a7bcbccorignewd3encipf19gy-gencatlg 2ddccBK c77598d77598 00102ddc40718NFICaRUCLbRUCLcReadingd1974-05-11eoxford universityg33.00l0o792.071042 DRA 1971r2020-12-06 00:00:00tC-1w2020-12-06yBK